| 000 | 00363 a2200157 4500 | ||
|---|---|---|---|
| 003 | Nust | ||
| 005 | 20230529132126.0 | ||
| 040 | _cNust | ||
| 082 | _a808.83,GRE | ||
| 100 |
_aGreene, Graham _9112765 |
||
| 245 |
_aThe Power and the glora _cGraham Greene |
||
| 260 |
_aLondon _bPenguin Books _c1969 |
||
| 300 | _a222 p | ||
| 650 |
_aNovel _92525 |
||
| 942 |
_2ddc _cBK |
||
| 999 |
_c190924 _d190924 |
||